000 00442nam a2200181Ia 4500
005 20250603144558.0
008 250603s9999 xx 000 0 und d
020 _a9788184872644
050 _aQR 41.2 .S46/
100 _aSen, Arnab
245 0 _aBiology of Useful Plants and Microbes
260 _aNew Delhi
260 _bNarosa Publishing House Pvt. Ltd.
260 _c2014
300 _a398 p
650 _aNew Delhi
942 _cBK
999 _c39336
_d39336